Cities in Thüringen - Statistics

General Stats
  • This quiz has been taken 17 times
    7 since last reset
  • The average score is 14 of 30
Answers on the Grid
Answers color-coded by a green-red scale on the quiz's grid according to % correct below.
Eisenach
Kaltenkirchen
Altenburg
Ilmenau
Gotha
Husum
Nordhausen
Bad Langensalza
Kamen
Arnstadt
Bad Frankenhausen/Kyffhäuser
Suhl
Unna
Weimar
Dillingen an der Donau
Marburg
Sonneberg
Schmalkalden
Straubing
Bad Salzungen
Hof
Meiningen
Rostock
Saalfeld/Saale
Selb
Jena
Heilbad Heiligenstadt
Limbach-Oberfrohna
Döbeln
Erfurt
Bad Pyrmont
Gera
Rudolstadt
Stadtilm
Artern
Hamm
Leinefelde-Worbis
Schleusingen
Lindau
Bleicherode
Schwabach
Eisenberg
Lauf an der Pegnitz
Neuhaus am Rennweg
Bottrop
Bad Liebenstein
Hann. Münden
Breitungen/Werra
Mühlhausen/Thüringen
Wittstock/Dosse
 
Answer Stats
Answer % Correct
Eisenach
100%
Gotha
100%
Suhl
80%
Bad Frankenhausen/Kyffhäuser
60%
Bad Langensalza
60%
Breitungen/Werra
60%
Gera
60%
Ilmenau
60%
Jena
60%
Mühlhausen/Thüringen
60%
Nordhausen
60%
Rudolstadt
60%
Weimar
60%
Altenburg
40%
Arnstadt
40%
Bad Salzungen
40%
Bleicherode
40%
Eisenberg
40%
Erfurt
40%
Heilbad Heiligenstadt
40%
Leinefelde-Worbis
40%
Meiningen
40%
Saalfeld/Saale
40%
Schleusingen
40%
Bad Liebenstein
20%
Neuhaus am Rennweg
20%
Sonneberg
20%
Artern
0%
Schmalkalden
0%
Stadtilm
0%
No matching quizzes found
Score Distribution
Percent of People with Each Score
Percentile by Number Answered
Your Score History
You have not taken this quiz since the last reset